<?xml version="1.0" encoding="UTF-8"?>
<record
    xmlns:xsi="http://www.w3.org/2001/XMLSchema-instance"
    xsi:schemaLocation="http://www.loc.gov/MARC21/slim http://www.loc.gov/standards/marcxml/schema/MARC21slim.xsd"
    xmlns="http://www.loc.gov/MARC21/slim">

  <leader>01393nam a2200325 a 4500</leader>
  <controlfield tag="005">20191224041548.0</controlfield>
  <controlfield tag="008">140224b1996    ck |||||r|||| 00| 0 spa d</controlfield>
  <datafield tag="040" ind1=" " ind2=" ">
    <subfield code="a">CO-BoIAVH</subfield>
    <subfield code="c">CO-BoIAVH</subfield>
  </datafield>
  <datafield tag="041" ind1="0" ind2=" ">
    <subfield code="a">spa</subfield>
  </datafield>
  <datafield tag="044" ind1=" " ind2=" ">
    <subfield code="a">ck</subfield>
  </datafield>
  <datafield tag="090" ind1=" " ind2=" ">
    <subfield code="a">TE</subfield>
    <subfield code="b">0068</subfield>
  </datafield>
  <datafield tag="100" ind1="1" ind2=" ">
    <subfield code="a">Estrada Montes, Catalina</subfield>
  </datafield>
  <datafield tag="245" ind1="1" ind2=" ">
    <subfield code="a">Hormigas (Hymenoptera: Formicidae) como indicadores de perturbaci&#xF3;n en un bosque montano en la Reserva Natural La Planada (Nari&#xF1;o, Colombia)</subfield>
  </datafield>
  <datafield tag="260" ind1="1" ind2=" ">
    <subfield code="a">Bogot&#xE1; (Colombia):</subfield>
    <subfield code="b">Universidad de los Andes,</subfield>
    <subfield code="c">1996.</subfield>
  </datafield>
  <datafield tag="300" ind1=" " ind2=" ">
    <subfield code="a">136 p&#xE1;ginas :</subfield>
    <subfield code="b">gr&#xE1;ficas y tablas ;</subfield>
    <subfield code="c">28 cm.</subfield>
  </datafield>
  <datafield tag="502" ind1=" " ind2=" ">
    <subfield code="a">Trabajo de grado presentado para optar al t&#xED;tulo de Bi&#xF3;logo, Facultad de ciencias biol&#xF3;gicas, Universidad de los Andes, Santa F&#xE9; de Bogot&#xE1;, 1996.</subfield>
  </datafield>
  <datafield tag="650" ind1=" " ind2="6">
    <subfield code="a">Hormigas</subfield>
    <subfield code="v">Tesis y disertaciones acad&#xE9;micas</subfield>
  </datafield>
  <datafield tag="650" ind1=" " ind2="6">
    <subfield code="a">Hymenoptera</subfield>
    <subfield code="v">Tesis y disertaciones acad&#xE9;micas</subfield>
  </datafield>
  <datafield tag="650" ind1=" " ind2="6">
    <subfield code="a">Bioindicadores</subfield>
    <subfield code="v">Tesis y disertaciones acad&#xE9;micas</subfield>
  </datafield>
  <datafield tag="650" ind1=" " ind2="4">
    <subfield code="a">Perturbaci&#xF3;n</subfield>
  </datafield>
  <datafield tag="650" ind1=" " ind2="6">
    <subfield code="a">Bosque montano</subfield>
  </datafield>
  <datafield tag="650" ind1=" " ind2="4">
    <subfield code="a">Sucesi&#xF3;n ecol&#xF3;gica</subfield>
  </datafield>
  <datafield tag="650" ind1=" " ind2="4">
    <subfield code="a">M&#xE9;todos de campo</subfield>
  </datafield>
  <datafield tag="650" ind1=" " ind2="6">
    <subfield code="a">Biodiversidad</subfield>
  </datafield>
  <datafield tag="650" ind1=" " ind2="6">
    <subfield code="a">Claves taxon&#xF3;micas</subfield>
  </datafield>
  <datafield tag="662" ind1=" " ind2="4">
    <subfield code="a">Colombia</subfield>
    <subfield code="c">Reserva Natural La Planada</subfield>
    <subfield code="b">Nari&#xF1;o</subfield>
  </datafield>
  <datafield tag="700" ind1="1" ind2=" ">
    <subfield code="a">Fern&#xE1;ndez Castiblanco, Fernando</subfield>
    <subfield code="e">Director</subfield>
  </datafield>
  <datafield tag="700" ind1="1" ind2=" ">
    <subfield code="a">Mej&#xED;a, Carlos Arturo</subfield>
    <subfield code="e">Codirector</subfield>
  </datafield>
  <datafield tag="942" ind1=" " ind2=" ">
    <subfield code="c">TESIS</subfield>
    <subfield code="2">z</subfield>
  </datafield>
  <datafield tag="999" ind1=" " ind2=" ">
    <subfield code="c">947</subfield>
    <subfield code="d">947</subfield>
  </datafield>
  <datafield tag="952" ind1=" " ind2=" ">
    <subfield code="0">0</subfield>
    <subfield code="1">0</subfield>
    <subfield code="2">z</subfield>
    <subfield code="4">0</subfield>
    <subfield code="7">0</subfield>
    <subfield code="8">TESIS</subfield>
    <subfield code="I">INV2017</subfield>
    <subfield code="a">Bogota</subfield>
    <subfield code="b">Bogota</subfield>
    <subfield code="d">2001-03-06</subfield>
    <subfield code="e">Samper, Cristi&#xE1;n</subfield>
    <subfield code="l">0</subfield>
    <subfield code="o">TE-0068</subfield>
    <subfield code="p">001316</subfield>
    <subfield code="r">2012-12-04 00:00:00</subfield>
    <subfield code="t">Ej. 1</subfield>
    <subfield code="w">2012-12-04</subfield>
    <subfield code="x">Donacion</subfield>
    <subfield code="y">TESIS</subfield>
    <subfield code="z">Solo para consulta en sala.</subfield>
  </datafield>
</record>
